000 00355cam a2200133u 4500
050 0 0 _aM1994
_b.E65
245 0 0 _aEnjoying music
250 _aTeacher's ed.
260 _a[New York]
_bAmerican Book Co.
_c[1970]
300 _axviii, 200 p.
650 0 _xInstruction and study
_vJuvenile.
700 1 _aChoate, Robert A. [from old catalog]
942 _2lcc
_cGEN
999 _c13333
_d13333